| 000 | 00585nam a22001937a 4500 | ||
|---|---|---|---|
| 003 | BUBTL | ||
| 008 | 180910b xxu||||| |||| 00| 0 eng d | ||
| 020 | _a984-8466-00-16 | ||
| 082 | _a345RAC | ||
| 100 |
_92007 _a Rashid, Md. Abdur |
||
| 245 |
_aCriminal drafting in English : _bwith relevant laws, from Lower Court to Supreme Court / _cMd.Abdur Rashid |
||
| 250 | _a2nd ed. | ||
| 260 |
_aDhaka : _bNew Warsi Book Corporation _cc2011. |
||
| 300 |
_axvii,366 p. : _c26 cm. |
||
| 650 | 0 |
_926 _aLaw |
|
| 856 |
_k0 _l0 _yDownload |
||
| 942 |
_2ddc _cBK |
||
| 999 |
_c5787 _d5787 |
||